| 000 | 00926 a2200241 4500 | ||
|---|---|---|---|
| 003 | Nust | ||
| 005 | 20221206122051.0 | ||
| 010 | _a 75008911 | ||
| 020 | _a047121180X | ||
| 040 | _cNust | ||
| 082 | 0 | 0 | _a621.381532,DEW |
| 100 | 1 |
_aDewan, S. B. _9101609 |
|
| 245 | 1 | 0 |
_aPower Semiconductor Circuits / _cS. B. Dewan, A. Straughen. |
| 260 |
_aNew York : _bWiley, _c[1975] |
||
| 300 |
_axv, 523 p. : _bill. ; _c23 cm. |
||
| 505 | _aIntroduction (Page-1), Circuits with Switching and Diodes (Page-10), Power Semiconductor Switching (Page-77), Ac Voltage Controllers (Page-155),Controlled Rectifiers (Page-214), Dc-To-Dc Converters (Page-282), Inverters (Page-357), Ac-To-Ac Converters (Page-462). | ||
| 650 | 0 |
_aDiodes, Semiconductor. _9104224 |
|
| 650 | 0 |
_aElectric switchgear. _941056 |
|
| 650 | 0 | _aTelecommunication Engineering | |
| 650 | 0 |
_aThyristors. _9104046 |
|
| 700 | 1 |
_aStraughen, A., _9101610 |
|
| 942 |
_2ddc _cBK |
||
| 999 |
_c182404 _d182404 |
||